Biggest Non-Capital City of every Country - Statistics

General Stats
  • This quiz has been taken 9 times
  • The average score is 59 of 194
Answer Stats
Country City % Correct
Belize Belize City
100%
United States New York City
100%
Brazil São Paulo
100%
Israel Tel Aviv-Yafo
100%
Canada Toronto
100%
Kazakhstan Almaty
86%
Belgium Antwerp
86%
New Zealand Auckland
86%
Spain Barcelona
86%
Norway Bergen
86%
United Kingdom Birmingham
86%
Sri Lanka Colombo
86%
Ireland Cork
86%
Germany Hamburg
86%
Turkey Istanbul
86%
South Africa Johannesburg
86%
Pakistan Karachi
86%
Poland Kraków
86%
France Marseille
86%
Italy Milan
86%
Netherlands Rotterdam
86%
Russia Saint Petersburg
86%
Liechtenstein Schaan
86%
China Shanghai
86%
Australia Sydney
86%
Greece Thessaloniki
86%
Myanmar Yangon
86%
Denmark Aarhus
71%
Egypt Alexandria
71%
Czechia Brno
71%
South Korea Busan
71%
Bangladesh Chittagong
71%
United Arab Emirates Dubai
71%
Sweden Gothenburg
71%
Austria Graz
71%
Vietnam Ho Chi Minh City
71%
Saudi Arabia Jeddah
71%
Ukraine Kharkiv
71%
Nigeria Lagos
71%
Colombia Medellín
71%
Kenya Mombasa
71%
India Mumbai
71%
Portugal Porto
71%
Japan Yokohama
71%
Switzerland Zürich
71%
Syria Aleppo
57%
Bosnia and Herzegovina Banja Luka
57%
Morocco Casablanca
57%
Tanzania Dar es Salaam
57%
Albania Durrës
57%
Palestine Gaza City
57%
Ecuador Guayaquil
57%
Lithuania Kaunas
57%
Venezuela Maracaibo
57%
Serbia Novi Sad
57%
Algeria Oran
57%
Bulgaria Plovdiv
57%
Uzbekistan Samarkand
57%
Croatia Split
57%
Mexico Tijuana
57%
Moldova Tiraspol
57%
Peru Arequipa
43%
Libya Benghazi
43%
Romania Cluj-Napoca
43%
Argentina Cordoba
43%
Hungary Debrecen
43%
Nicaragua León
43%
Philippines Quezon City
43%
Côte d'Ivoire Abidjan
29%
Burundi Bujumbura
29%
Trinidad and Tobago Chaguanas
29%
Panama Colón
29%
Luxembourg Esch-sur-Alzette
29%
Finland Espoo
29%
Belarus Gomel
29%
Afghanistan Kandahar
29%
Slovakia Košice
29%
Papua New Guinea Lae
29%
D.R. Congo Lubumbashi
29%
Slovenia Maribor
29%
Iran Mashhad
29%
Iraq Mosul
29%
Kyrgyzstan Osh
29%
Rep. Congo Pointe-Noire
29%
Honduras San Pedro Sula
29%
Cuba Santiago de Cuba
29%
Estonia Tartu
29%
Chile Valparaíso
29%
Georgia Batumi
14%
North Macedonia Bitola
14%
Malawi Blantyre
14%
Burkina Faso Bobo Dioulasso
14%
Angola Cabinda
14%
Paraguay Ciudad del Este
14%
Benin Cotonou
14%
Latvia Daugavpils
14%
Cameroon Douala
14%
Mongolia Erdenet
14%
North Korea Hamhung
14%
Somalia Hargeisa
14%
Tajikistan Khujand
14%
Iceland Kópavogur
14%
Palau Koror
14%
Ghana Kumasi
14%
Cyprus Limassol
14%
Guyana Linden
14%
Mozambique Matola
14%
Taiwan New Taipei City
14%
Montenegro Nikšić
14%
Sudan Omdurman
14%
Kosovo Prizren
14%
Uruguay Salto
14%
El Salvador Santa Ana
14%
Bolivia Santa Cruz de la Sierra
14%
San Marino Serravalle
14%
Tunisia Sfax
14%
Cambodia Siem Reap
14%
Indonesia Surabaya
14%
F.S. Micronesia Weno
14%
Kuwait Al Ahmadi
0%
Costa Rica Alajuela
0%
Djibouti Ali Sabieh
0%
Antigua and Barbuda All Saints
0%
Qatar Al Wakrah
0%
Seychelles Anse Boileau
0%
Samoa | Tuvalu Asau
0%
Guinea-Bissau Bafatá
0%
Equatorial Guinea Bata
0%
Kiribati Betio
0%
Central African Republic Bimbo
0%
Saint Lucia Bisée
0%
Zimbabwe Bulawayo
0%
Haiti Carrefour
0%
Saint Kitts and Nevis Cayon
0%
Nauru Denigomodu
0%
Marshall Islands Ebaye
0%
Andorra Escaldes-Engordany
0%
Botswana Francistown
0%
Bahamas Freeport
0%
Maldives Fuvahmulah
0%
Liberia Gbarnga
0%
Rwanda Gisenyi
0%
Solomon Islands Gizo
0%
Ethiopia Gondar
0%
Grenada Gouyave
0%
Armenia Gyumri
0%
Sierra Leone Kenema
0%
Eritrea Keren
0%
Saint Vincent and the Grenadines Kingstown Park
0%
Zambia Kitwe
0%
Brunei Kuala Belait
0%
Fiji Lautoka
0%
Suriname Lelydorp
0%
Vanuatu Luganville
0%
Gabon Mandji
0%
eSwatini Manzini
0%
Niger Maradi
0%
Cape Verde Mindelo
0%
Chad Moundou
0%
Comoros Mutsamudu
0%
Uganda Nansana
0%
Tonga Neiafu
0%
Thailand Nonthaburi
0%
Mauritania Nouadhibou
0%
Guinea Nzérékoré
0%
Laos Pakse
0%
Bhutan Phuntsholing
0%
Nepal Pokhara
0%
Jamaica Portmore
0%
Dominica Portsmouth
0%
Malta Qormi
0%
Bahrain Riffa
0%
Timor Leste Same
0%
Dominican Rep. Santiago de los Caballeros
0%
São Tomé and Príncipe Santo Amaro
0%
Malaysia Seberang Perai
0%
Oman Seeb
0%
The Gambia Serekunda
0%
Mali Sikasso
0%
Togo Sokodé
0%
Barbados Speightstown
0%
Azerbaijan Sumqayıt
0%
Yemen Ta'izz
0%
Lesotho Teyateyaneng
0%
Madagascar Toamasina
0%
Senegal Touba
0%
Turkmenistan Türkmenabat
0%
Mauritius Vacoas-Phoenix
0%
Guatemala Villa Nueva
0%
Namibia Walvis Bay
0%
South Sudan Yei
0%
Lebanon Zahle
0%
Jordan Zarqa
0%
No matching quizzes found
Score Distribution
Percent of People with Each Score
Percentile by Number Answered
Your Score History
You have not taken this quiz